[Event "St Veit op 42nd"]
[Site "St Veit"]
[Date "2023.07.10"]
[Round "4"]
[White "Beber, Anja"]
[Black "Waddington, Mike P"]
[Result "1/2-1/2"]
[WhiteElo "1799"]
[BlackElo "2082"]
[PlyCount "215"]
[EventDate "2023.07.08"]
[EventType "swiss"]
[EventRounds "9"]
[EventCountry "AUT"]
[SourceTitle "CBM 215 Extra"]
[Source "ChessBase"]
[SourceDate "2023.09.30"]
[SourceVersion "1"]
[SourceVersionDate "2023.09.30"]
[SourceQuality "1"]

1. Nf3 f5 2. c4 Nf6 3. g3 d6 4. d4 g6 5. b3 Bg7 6. Bb2 0-0 7. Bg2 Nc6 8. 0-0 e5 9. dxe5 Ng4 10. Qd2 Ngxe5 11. Ng5 Bf6 12. Bd5+ Kg7 13. h4 h6 14. Nh3 Ng4 15. Nc3 Re8 16. e4 Nd4 17. exf5 c6 18. Bg2 Bxf5 19. Rae1 Rxe1 20. Rxe1 Ne5 21. Rxe5 dxe5 22. Bc1 Qh8 23. Qe3 Rd8 24. Ne4 Be7 25. f4 Kg8 26. Nef2 Bc5 27. fxe5 Ne6 28. Qe1 Qg7 29. Kh2 g5 30. b4 Bd4 31. hxg5 hxg5 32. Ne4 Qxe5 33. Bxg5 Nxg5 34. Nhxg5 Qh8+ 35. Bh3 Bxh3 36. Nxh3 Qe5 37. Nhg5 Rf8 38. Qd1 Be3 39. Qg4 Bxg5 40. Nxg5 Qf5 41. Qxf5 Rxf5 42. Ne4 Re5 43. Nd6 b6 44. a4 Kf8 45. Nc8 Re4 46. Nxa7 Rxc4 47. a5 bxa5 48. bxa5 c5 49. Nc6 Ra4 50. Ne5 Rxa5 51. Kg2 Ra2+ 52. Kf3 Ke7 53. Ke4 Ke6 54. Nc4 Rg2 55. Kf3 Rc2 56. Ne3 Ra2 57. Ke4 Ra4+ 58. Kd3 Ke5 59. Nc4+ Kf5 60. Ne3+ Kg5 61. Nc4 Kg4 62. Nb2 Rd4+ 63. Kc3 Kxg3 64. Nd3 Kf3 65. Nxc5 Rd8 66. Ne6 Rd6 67. Nd4+ Ke4 68. Nc2 Rd8 69. Nb4 Rc8+ 70. Kd2 Rc7 71. Nc2 Rc4 72. Ne3 Rd4+ 73. Ke2 Ra4 74. Kd2 Ra3 75. Nc2 Rd3+ 76. Ke2 Rh3 77. Kd2 Rg3 78. Ne1 Rh3 79. Nc2 Rh8 80. Ne1 Rh2+ 81. Kc3 Ke3 82. Nc2+ Ke2 83. Nd4+ Kd1 84. Kd3 Rh3+ 85. Ke4 Kd2 86. Nf3+ Kc3 87. Ke3 Rh8 88. Ke4 Rh7 89. Ke3 Re7+ 90. Kf4 Kd3 91. Ne5+ Kd2 92. Nc4+ Ke2 93. Ne5 Ra7 94. Ke4 Ra4+ 95. Kd5 Ke3 96. Nc4+ Kf4 97. Kd4 Ra8 98. Kd5 Rd8+ 99. Nd6 Ke3 100. Ke5 Ra8 101. Nf5+ Kd3 102. Kf4 Re8 103. Nd6 Re6 104. Nf5 Re1 105. Ng3 Re3 106. Nf5 Re4+ 107. Kf3 Ra4 108. Ne3 1/2-1/2

[Event "St Veit op 42nd"]
[Site "St Veit"]
[Date "2023.07.09"]
[Round "3"]
[White "Schippel, Gert"]
[Black "Beber, Anja"]
[Result "0-1"]
[WhiteElo "2060"]
[BlackElo "1799"]
[PlyCount "106"]
[EventDate "2023.07.08"]
[EventType "swiss"]
[EventRounds "9"]
[EventCountry "AUT"]
[SourceTitle "CBM 215 Extra"]
[Source "ChessBase"]
[SourceDate "2023.09.30"]
[SourceVersion "1"]
[SourceVersionDate "2023.09.30"]
[SourceQuality "1"]

1. Nf3 e6 2. c4 f5 3. g3 Nf6 4. Bg2 d5 5. d4 Bd6 6. 0-0 0-0 7. b3 Bd7 8. Bb2 Be8 9. Ne5 Nbd7 10. Nd2 c6 11. Ndf3 Bh5 12. Nd3 Qb8 13. Nfe5 h6 14. Re1 g5 15. Qc1 Kh7 16. h3 Rg8 17. Kh2 Qf8 18. Qe3 Re8 19. Rg1 Qg7 20. Rae1 Ref8 21. Bh1 Qe7 22. Rg2 Rg7 23. f3 Rfg8 24. Kg1 Bg6 25. h4 f4 26. Qd2 gxh4 27. Bc1 Nxe5 28. dxe5 Bc5+ 29. Kf1 Nh5 30. Nxf4 Nxg3+ 31. Rxg3 hxg3 32. Nxe6 g2+ 33. Bxg2 Qh4 34. Nxc5 Bf5 35. Qxh6+ Qxh6 36. Bxh6 Kxh6 37. Bh1 Rg1+ 38. Kf2 Rxe1 39. Kxe1 Rg1+ 40. Kf2 Rxh1 41. Nxb7 dxc4 42. bxc4 Ra1 43. Ke3 Rxa2 44. Nd6 Be6 45. Kd3 a5 46. f4 a4 47. f5 Kg7 48. fxe6 Kf8 49. Ne4 Ke7 50. Nc5 a3 51. Ne4 Rb2 52. Kc3 Rxe2 53. Nd2 Rxd2 0-1

[Event "SLO-ch 33rd"]
[Site "Radenci"]
[Date "2023.04.27"]
[Round "4"]
[White "Novak, Rok"]
[Black "Beber, Anja"]
[Result "1-0"]
[WhiteElo "1865"]
[BlackElo "1686"]
[PlyCount "81"]
[EventDate "2023.04.25"]
[EventType "team-match"]
[EventRounds "9"]
[EventCountry "SLO"]
[SourceTitle "CBM 214 Extra"]
[Source "ChessBase"]
[SourceDate "2023.07.31"]
[SourceVersion "1"]
[SourceVersionDate "2023.07.31"]
[SourceQuality "1"]

1. e4 e6 2. d4 d5 3. e5 c5 4. c3 Nc6 5. Nf3 Bd7 6. Be2 Nge7 7. Na3 cxd4 8. cxd4 Nf5 9. Nc2 Qb6 10. 0-0 Be7 11. Kh1 0-0 12. Bd3 Rac8 13. g4 Nh6 14. Bxh6 gxh6 15. Qd2 Kg7 16. Rg1 Rh8 17. Rg3 Qxb2 18. Rh3 Kf8 19. Qxh6+ Ke8 20. Qg7 Rf8 21. Rf1 Kd8 22. Bxh7 Kc7 23. Ne3 Qxa2 24. Kg2 a5 25. Nc2 b5 26. Nd2 b4 27. Ra1 Qb2 28. Rb3 Qxa1 29. Nxa1 a4 30. Rd3 Na5 31. Rf3 Nc4 32. Ndb3 axb3 33. Nxb3 Be8 34. Bg6 Nb6 35. Bxf7 Bxf7 36. Rxf7 Rxf7 37. Qxf7 Kd7 38. Nc5+ Rxc5 39. dxc5 Nc4 40. c6+ Kxc6 41. Qxe6+ 1-0

[Event "EU-ch Cities&Town U18 op"]
[Site "Tornelo INT"]
[Date "2023.01.29"]
[Round "?"]
[White "Beber, Anja"]
[Black "Rusu, Lucas"]
[Result "0-1"]
[WhiteElo "1591"]
[BlackElo "1625"]
[PlyCount "90"]
[EventDate "2023.01.29"]
[EventType "team-swiss"]
[EventRounds "9"]
[EventCountry "NET"]
[SourceTitle "CBM 212 Extra"]
[Source "ChessBase"]
[SourceDate "2023.03.31"]
[SourceVersion "1"]
[SourceVersionDate "2023.03.31"]
[SourceQuality "1"]
[WhiteTeam "Ljubljana U12"]
[BlackTeam "Iasi"]
[WhiteTeamCountry "SLO"]
[BlackTeamCountry "ROU"]

1. e4 e5 2. Bc4 Bc5 3. d3 Nf6 4. Nf3 Nc6 5. 0-0 d6 6. h3 h6 7. c3 Bb6 8. Bb3 Qe7 9. Nbd2 Be6 10. Bc2 0-0-0 11. b4 d5 12. a4 dxe4 13. dxe4 a6 14. b5 Nb8 15. bxa6 Nxa6 16. a5 Ba7 17. Ba3 Bc5 18. Bb2 Rhe8 19. Qe2 Nh5 20. Ba4 Ng3 21. Qe1 Nxf1 22. Qxf1 Bd7 23. Bb3 Be6 24. Bc2 f6 25. Bd3 Qd6 26. Bb5 Rf8 27. Ba4 f5 28. exf5 Bxf5 29. Nc4 Qe6 30. Ncxe5 Bd6 31. Re1 Qa2 32. Qb5 c6 33. Nxc6 Bd7 34. Nfd4 Nc7 35. Ra1 Qxa1+ 36. Bxa1 Nxb5 37. Nxb5 Bxc6 38. Na7+ Kb8 39. Nxc6+ bxc6 40. Bxc6 Bc5 41. Bb2 Rd1+ 42. Kh2 Bxf2 43. g3 Rd2 44. Ba3 Bc5+ 45. Kh1 Rf1# 0-1

[Event "EU-ch Cities&Town U18 op"]
[Site "Tornelo INT"]
[Date "2023.01.29"]
[Round "?"]
[White "Gromosiak, Antonii"]
[Black "Beber, Anja"]
[Result "1-0"]
[WhiteElo "1735"]
[BlackElo "1591"]
[PlyCount "47"]
[EventDate "2023.01.29"]
[EventType "team-swiss"]
[EventRounds "9"]
[EventCountry "NET"]
[SourceTitle "CBM 212 Extra"]
[Source "ChessBase"]
[SourceDate "2023.03.31"]
[SourceVersion "1"]
[SourceVersionDate "2023.03.31"]
[SourceQuality "1"]
[WhiteTeam "Kiev Region"]
[BlackTeam "Ljubljana U12"]
[WhiteTeamCountry "UKR"]
[BlackTeamCountry "SLO"]

1. e4 e5 2. Nf3 Nc6 3. d4 exd4 4. c3 dxc3 5. Bc4 Be7 6. Qd5 Nh6 7. Bxh6 Rf8 8. Bxg7 Nb4 9. Qd1 c2 10. Qd2 cxb1Q+ 11. Rxb1 Rg8 12. Bc3 Nc6 13. Qd5 Rf8 14. Bg7 Nb4 15. Qh5 d5 16. exd5 Qd6 17. Bxf8 Bxf8 18. 0-0 Qg6 19. Rfe1+ Be7 20. Qe5 Qd6 21. Qh8+ Kd7 22. Ne5+ Qxe5 23. Qxe5 Bd6 24. Qe8# 1-0

[Event "EU-ch U12 Girls 30th"]
[Site "Antalya"]
[Date "2022.11.13"]
[Round "8"]
[White "Beber, Anja"]
[Black "Kuznecova, Marija"]
[Result "1-0"]
[WhiteElo "1539"]
[BlackElo "2024"]
[PlyCount "87"]
[EventDate "2022.11.06"]
[EventType "swiss"]
[EventRounds "9"]
[EventCountry "TUR"]
[SourceTitle "CBM 211 Extra"]
[Source "ChessBase"]
[SourceDate "2023.01.31"]
[SourceVersion "1"]
[SourceVersionDate "2023.01.31"]
[SourceQuality "1"]

1. e4 c5 2. d3 d6 3. g3 Nc6 4. Bg2 g6 5. f4 Bg7 6. Nf3 e6 7. 0-0 Nge7 8. c3 0-0 9. Be3 Rb8 10. d4 cxd4 11. cxd4 b5 12. Nc3 b4 13. Ne2 Ba6 14. Re1 Qd7 15. Qd2 Na5 16. b3 Rfd8 17. Rad1 d5 18. e5 Nc8 19. Nc1 Bf8 20. Nd3 Nb6 21. Bf1 Na8 22. Rc1 Bxd3 23. Bxd3 Nc6 24. Kh1 a5 25. g4 Ne7 26. Rg1 Rdc8 27. Nh4 Rxc1 28. Qxc1 a4 29. f5 Nb6 30. Bh6 Qc8 31. Qe3 Bxh6 32. Qxh6 Qf8 33. Qe3 axb3 34. axb3 Nc6 35. Rf1 Qe7 36. Nf3 Na5 37. Ng5 Nxb3 38. f6 Qf8 39. Qh3 h5 40. Bxg6 Qh6 41. Bxf7+ Kh8 42. Nxe6 Rb7 43. g5 Qh7 44. g6 1-0

[Event "Wch U12 Girls blitz"]
[Site "Rhodes"]
[Date "2022.05.03"]
[Round "5"]
[White "Beber, Anja"]
[Black "Hnatyshyn, Anastasiya"]
[Result "0-1"]
[WhiteElo "1491"]
[BlackElo "1784"]
[PlyCount "71"]
[EventDate "2022.05.03"]
[EventType "swiss (blitz)"]
[EventRounds "9"]
[EventCountry "GRE"]
[SourceTitle "CBM 208 Extra"]
[Source "ChessBase"]
[SourceDate "2022.07.31"]
[SourceVersion "1"]
[SourceVersionDate "2022.07.31"]
[SourceQuality "1"]

1. c4 e5 2. Nc3 Nf6 3. b3 Nc6 4. Bb2 Be7 5. g3 0-0 6. Bg2 d6 7. e3 Bf5 8. Nge2 Nb4 9. e4 Nd3+ 10. Kf1 Be6 11. Ba3 Ng4 12. Qc2 Ngxf2 13. Nd1 Nxh1 14. Qxd3 f5 15. Kg1 Nxg3 16. Nxg3 f4 17. Nf1 Qe8 18. Nf2 Qg6 19. Qf3 Bh4 20. Kh1 Bxf2 21. Qxf2 f3 22. Ng3 fxg2+ 23. Qxg2 Bg4 24. Kg1 Bf3 25. Qh3 Bxe4 26. Re1 Bd3 27. Qg2 Rf7 28. Re3 Raf8 29. Re1 h5 30. h4 Qg4 31. Re3 e4 32. Bb2 Qxh4 33. Rxd3 exd3 34. Nf5 Qg4 35. Nh6+ gxh6 36. Qxg4+ 0-1

[Event "Wch U12 Girls rapid"]
[Site "Rhodes"]
[Date "2022.05.01"]
[Round "2"]
[White "Beber, Anja"]
[Black "Hnatyshyn, Anastasiya"]
[Result "0-1"]
[WhiteElo "1319"]
[BlackElo "1889"]
[PlyCount "85"]
[EventDate "2022.05.01"]
[EventType "swiss (rapid)"]
[EventRounds "9"]
[EventCountry "GRE"]
[SourceTitle "CBM 208 Extra"]
[Source "ChessBase"]
[SourceDate "2022.07.31"]
[SourceVersion "1"]
[SourceVersionDate "2022.07.31"]
[SourceQuality "1"]

1. e4 c5 2. Nf3 Nc6 3. d4 cxd4 4. Nxd4 Nf6 5. Nc3 e5 6. Ndb5 d6 7. Nd5 Nxd5 8. exd5 Nb8 9. c4 Be7 10. Be2 0-0 11. 0-0 a6 12. Nc3 f5 13. b3 Nd7 14. Bb2 Bf6 15. Qc2 e4 16. f3 exf3 17. Bxf3 Ne5 18. Be2 Bd7 19. Nd1 Rc8 20. Qb1 b5 21. cxb5 axb5 22. Nc3 b4 23. Nd1 Re8 24. Nf2 Qb6 25. Kh1 Qb7 26. Rd1 Kh8 27. Nd3 Nxd3 28. Bxd3 Bxb2 29. Qxb2 Re3 30. Bc4 Rce8 31. Qd4 R8e4 32. Qd2 Qb6 33. Re1 h6 34. Rxe3 Qxe3 35. Qd1 f4 36. Qd3 Qxd3 37. Bxd3 Rd4 38. Bc4 Bf5 39. Re1 Be4 40. h3 f3 41. gxf3 Bxf3+ 42. Kg1 Bxd5 43. Bb5 0-1

[Event "EU-ch Hybrid U10 Girls"]
[Site "Tornelo INT"]
[Date "2021.10.15"]
[Round "2"]
[White "Ejsymont, Blanka"]
[Black "Beber, Anja"]
[Result "0-1"]
[WhiteElo "1231"]
[BlackElo "1552"]
[PlyCount "100"]
[EventDate "2021.10.15"]
[EventType "swiss"]
[EventRounds "9"]
[EventCountry "NET"]
[SourceTitle "EXT 2023"]
[Source "ChessBase"]
[SourceDate "2022.10.05"]
[SourceVersion "1"]
[SourceVersionDate "2022.10.05"]
[SourceQuality "1"]
[WhiteTeam "Poland"]
[BlackTeam "Slovenia"]
[WhiteTeamCountry "POL"]
[BlackTeamCountry "SLO"]

1. Nf3 Nf6 2. b3 e6 3. Bb2 Be7 4. e3 b6 5. Be2 Bb7 6. d4 d6 7. c4 Nbd7 8. Nbd2 c5 9. 0-0 0-0 10. Rc1 Rc8 11. Qc2 Qc7 12. Rfd1 Rfd8 13. a3 Qb8 14. Qb1 h6 15. Bd3 Bf8 16. Ne4 Qa8 17. Ned2 Re8 18. h3 e5 19. d5 Qb8 20. Ne4 Qc7 21. Ng3 Qd8 22. Bf5 g6 23. Bxd7 Nxd7 24. Ne4 f5 25. Ng3 Bg7 26. e4 f4 27. Ne2 h5 28. Qa1 Qe7 29. Nh2 Bh6 30. f3 Rc7 31. Rc2 Bc8 32. Nc3 Nf6 33. Rf1 g5 34. Qd1 a6 35. a4 Qg7 36. Qe2 g4 37. hxg4 hxg4 38. fxg4 Nxg4 39. Nxg4 Bxg4 40. Qf2 f3 41. g3 Rf7 42. Qe1 Bh3 43. Rff2 Kh7 44. Rh2 Qg4 45. Bc1 Rg8 46. Bxh6 Kxh6 47. Rxh3+ Qxh3 48. Rh2 f2+ 49. Qxf2 Rxg3+ 50. Qxg3 Rf1# 0-1

[Event "Cattolica op-B 8th"]
[Site "Cattolica"]
[Date "2021.06.02"]
[Round "7"]
[White "Beber, Anja"]
[Black "Danese, Aldo"]
[Result "1-0"]
[WhiteElo "1487"]
[BlackElo "1644"]
[PlyCount "123"]
[EventDate "2021.05.27"]
[EventType "swiss"]
[EventRounds "7"]
[EventCountry "ITA"]
[SourceTitle "CBM 203 Extra"]
[Source "ChessBase"]
[SourceDate "2021.09.30"]
[SourceVersion "1"]
[SourceVersionDate "2021.09.30"]
[SourceQuality "1"]

1. e4 g6 2. d4 d6 3. Nc3 Bg7 4. Be3 c6 5. Qd2 Qc7 6. f3 Bd7 7. g4 a6 8. h4 b5 9. Bg2 a5 10. Bh3 b4 11. Nce2 Na6 12. f4 c5 13. f5 c4 14. Bg2 Rc8 15. c3 Qb8 16. h5 gxh5 17. gxh5 a4 18. Rd1 d5 19. Bf4 Qb6 20. e5 Bxf5 21. Bxd5 e6 22. Bg2 Rd8 23. Ng3 Bg4 24. h6 Bf8 25. Bf3 Bxf3 26. Nxf3 Qb7 27. Qf2 Ne7 28. Bg5 Rd7 29. Rf1 Nd5 30. Nh5 Rg8 31. Rg1 bxc3 32. bxc3 Be7 33. Ng7+ Kd8 34. Bxe7+ Nxe7 35. Ng5 Ng6 36. Qc2 Qc6 37. Nxh7 Rb7 38. Nf6 Rh8 39. h7 Qf3 40. Qe4 Qxc3+ 41. Kf1 Kc7 42. Nxe6+ Kb8 43. Nc5 Nxc5 44. dxc5 Qh3+ 45. Qg2 Qf5+ 46. Qf2 Qh3+ 47. Rg2 Qe6 48. Kg1 a3 49. Qg3 Ra7 50. Rd6 Qf5 51. e6 Qxc5+ 52. Kh2 Qc7 53. Nd7+ Kc8 54. Rc6 Rxh7+ 55. Kg1 c3 56. Rxc3 Kd8 57. Rxc7 Rxc7 58. Qxa3 Ne7 59. exf7 Rxf7 60. Ne5 Rf5 61. Rg8+ Nxg8 62. Qd3+ 1-0